000 02056cam a22004934i 4500
003 PE-LiUPU
005 20250731173441.0
008 150617s1975 sp r 000 0 spa d
020 _a8470571796
035 _a(Sirsi) i9788470571794
040 _aPE-LiUPU
_bspa
_cPE-LiUPU
_erda
049 _aPRUA
082 0 4 _a230.1
_bD8
_221
100 1 _aDodds, E. R.,
_eautor.
245 1 0 _aPaganos y cristianos en una época de angustia: algunos aspecos de la experiencia religiosa desde Marco Aurelio a Constantino /
_cE. R. Dodds.
264 1 _aMadrid :
_bEdiciones Cristiandad,
_c1975.
300 _a188 páginas ;
_c18 centímetros.
336 _atext
_2rdacontent
337 _aunmediated
_2rdamedia
338 _avolume
_2rdacarrier
490 0 _aEpifania. El libro de bolsillo cristiandad ;
_v25
505 0 _aHombre y mundo material -- Hombre y mundo demoníaco -- Hombre y mundo divino -- Diálogo del paganismo y cristianismo.
526 _aSEG42
526 _aSEG41
526 _aSEG40
526 _aSEG39
526 _aP94
526 _aP87
526 _aP86
526 _aP85
526 _aP77
526 _aP76
526 _aP35
650 0 4 _aCristianismo y paganismo
_xHistoria
_yÉpoca primitiva.
910 _ajck
_bjvq
_cjck
_d20150616
942 _2ddc
_cBOOK
949 _a230.1 D8
_wDEWEY
_c1
_i16254
_lCCODEBUL1
_mBUL
_r0
_sY
_tBOOK
_u2015-6-17
_xTEOLOGIA
_PP35
_0COMPRA
_o.STAFF. Colección general
949 _a239.3200 D86
_wDEWEY
_c1
_i39362
_lCCODEBUL1
_mBUL
_r0
_sY
_tBOOK
_u2015-6-16
_xTEOLOGIA
_zUNKNOWN
_0COMPRA
_o.STAFF. Colección General
994 _aC0
_bPEPRU
596 _a1
999 _a239.3200 D86
_wDEWEY
_c56749
_i39362
_d56749
_e2018-4-29
_f2021-11-11
_g5
_lCCODEBUL1
_mBUL
_n6
_p20.00
_q3
_r0
_sY
_tBOOK
_u2015-6-16
_xTEOLOGIA
_PP35
_0COMPRA
_o.STAFF. Colección Teología
999 _a230.1 D8
_wDEWEY
_c1
_i16254
_d2018-8-14
_e2018-5-15
_f2021-11-11
_g6
_lCCODEBUL1
_mBUL
_n3
_q1
_r0
_sY
_tBOOK
_u2015-6-17
_xTEOLOGIA
_PP35
_0COMPRA
_o.STAFF. Colección general
980 _81
_gALBERTO SANCHEZ Responsable de Automatización